Mots en anglais#1 - Statistiques

Statistiques générales
  • Ce quiz a été pris 1 210 fois
  • Le résultat moyen est 13 sur 15
Statistiques - réponses
Mot Français Traduction anglaise % Correct
Chat cat
100%
Cheval horse
98%
Pain bread
96%
Fruit fruit
94%
Sauter jump
92%
Pays country
91%
Jus juice
90%
Abeille bee
89%
Lapin rabbit
88%
Chaussure shoe
88%
Nourriture food
87%
Fan fan
84%
Légume vegetable
83%
Montagne mountain
80%
Pantalon trousers
49%
Aucun quiz correspondant
Distribution des résultats
% des personnes avec chaque résultat
Percentile par nombre de réponses
Votre historique - résultats
Vous n’avez pas pris ce quiz